LEADER 00866nam a2200205 i 4500 001 000000143316 003 CaOOAMICUS 005 20050929000000.0 008 050929s1983 it u000 u ita u 013 $a118674 040 $aSeMil$bita 100 1 $aSoroldoni, Mario.$0(OLS)http://semarc/name/18671 245 13$aUn medico per sperare... :$buna vita consumata in dono... /$cMario Soroldoni. 260 $aMilano :$bEdizioni Fratebenefratelli,$cstampa 1983. 300 $a155 p. ;$c19 cm. 650 4$aRiccardo : Pampuri .$0(OLS)http://semarc/subject/6354 850 $aSeMil 852 $aSeMil$W1$xVenegono$y1$m776 4 *$j96429$B96429$CSeMilBibl$Z2$F103728 $81 996 $6245$aUn medico per sperare... :$buna vita consumata in dono...$9(OLS)http://semarc/title/209761 996 $6260$aMilano :$bEdizioni Fratebenefratelli$9(OLS)http://semarc/publisher/47531 LEADER 00990nam a2200253 i 4500 001 000000192050 003 CaOOAMICUS 005 20100907000000.0 008 100907s1975 it u000 u ita u 013 $a170623 040 $aSeMil$bita 100 1 $aRubio Moran, Luis.$0(OLS)http://semarc/name/70064 240 13$aEl misterio de Cristo en la historia de la salvacion.$0(OLS)http://semarc/title/276680 245 10$aCristo nella storia della salvezza /$cLuis Rubio Moran. 250 $a2. ed. 260 $aAssisi :$bCittadella,$c1975. 300 $a318 p. ;$c22 cm. 490 0 $aSulle vie del concilio 830 0$aSulle vie del concilio.$0(OLS)http://semarc/title/12427 850 $aSeMil 852 $aSeMil$W1$xVenegono$y1$m2D III 304$j142626$B142626$CSeMilBibl$Z2$F154628 $81 961 $aOmaggio: Cozzi don Alberto 996 $6245$aCristo nella storia della salvezza$9(OLS)http://semarc/title/276679 996 $6260$aAssisi :$bCittadella$9(OLS)http://semarc/publisher/29661